Statistics for Cars 3 Next Gen

Click here to take the quiz!

General Stats

  • This quiz has been taken 20 times
  • The average score is 18 of 54

Answer Stats

HintAnswer% Correct
IGNTR(20)Jackson Storm
93%
Rusteze(95)Cruz Ramirez
64%
Dinoco(51)Cruz Ramirez
64%
Trans/Torqueberry Juice(6/23)Bubba Wheelhouse
50%
Revolting(48)Aaron Clocker
43%
Vitoline(24/9)Chase Racelott
43%
Octane Gain(19/99)Danny Swervez
43%
SynerG(5)Eric Braker
43%
Faux Wheel Drive(54)Herb Curbler
43%
Rusteze Racing Center(12)Kurt
43%
Bumper Save(90)Paul Conrev
43%
Tank Coat(36)Rich Mixon
43%
Rusteze Racing Center(35)Ronald
43%
Sputter Stop(92)Sheldon Shifter
43%
Nitroade(28)Tim Treadless
43%
Rusteze Racing Center(3)Aiden
36%
RPM(64)Barry DePedal
36%
Triple Dent(31)Cam Spinner
36%
Combustr(11)Chris Roamin
36%
Mood Springs(33)Ed Truncan
36%
Intersection(00)Flip Dover
36%
Rusteze Racing Center(49)Gabriel
36%
Easy Idle(15)Harvey Rodcap
36%
Rev-N-Go(73)M Fast Fong
36%
Gasprin(70)Richie Gunzit
36%
Lil' Torquey Pistons(117)Spikey Fillups
36%
Rusteze Racing Center(61)Tom W
36%
Shiny Wax(82)Conrad Camber
29%
Gaskits(80)Dan Carcia
29%
Leak Less(52)George New-Win
29%
Fiber Fuel(22)Gogo Logano
29%
N20 Cola(68)HJ Hollis
29%
Tow Cap(4)JD McPillar
29%
Carbon Cyber(67)Jim Reverick
29%
No Stall(123)Jonas Carvers
29%
Apple(84)JP Drive
29%
Rusteze Racing Center(21)Krzysztof
29%
Spare Mint(93)Nick Shift
29%
Clutch Aid(121)Noah Gocek
29%
Blinkr(21/12)Ryan Laney
29%
Shifty Drug(24)William Byrev
29%
Vinyl Toupee(76)Will Rusch
29%
Retread(10)Aric Almirolling
21%
Sidewall Shine(3)Carstin Dillon
21%
Rusteze Racing Center(94)Jay
21%
Rusteze Racing Center(57)Junyi
21%
View Zeen(39)Michael Rotor
21%
Trunk Fresh(34)Steve LaPage
21%
Rusteze Racing Center(83)Sudeep
21%
Rusteze Racing Center(25)Ernesto
14%
*Tach-O-Mint(101)Noel Spiller
14%
htB(18)Rowdy Busch
14%
Rusteze Racing Center(28)Sequoia
14%
Rusteze Racing Center(70)Shriram
14%

Score Distribution

Percentile by Number Answered

Percent of People with Each Score

Your Score History

You have not taken this quiz